000
00342nam a22001457a 4500
020
_a
81-7515-330-x
041
_a
ENG
100
_a
Rizzuto .J
245
_a
How To Prepare For The Sat II Math Level IC
250
_a
8TH ED
260
_a
Pune
_b
Galgotia PUB
_c
1970
300
_a
516
650
_a
Competitive Exam
856
_u
Competitive Exam
999
_c
548
_d
548